| 000 | 00464cam a2200181ua 4500 | ||
|---|---|---|---|
| 020 | _c1.50 | ||
| 041 |
_amal _h |
||
| 082 |
_a894.8121 _bSRE/SA |
||
| 100 | _aSreedharamenon, Vallathol . | ||
| 245 |
_aSahityaman- part-10 / _cVallathol Sreedharamenon. _hTextual Documents |
||
| 250 |
_a1 / _b. |
||
| 260 |
_aCheruthuruthy : _bVallathol Granthalayam , _c1964. |
||
| 300 | _a113 ; . | ||
| 365 | _a1.50 | ||
| 504 | _a | ||
| 942 | _cBK | ||
| 999 |
_c3865 _d3865 |
||